00464nam a2200133Ia 450000500170000000800410001702000150005808200130007310000180008624500240010426000380012830000130016650001510017920250528023148.0240331s9999 xx 000 0 und d a9558381284 bRATa306 aRathnapala, N 0aSriLankawe ganikawo aColombobSadeepa publishersc2000 a128 p ., aits fourteen chapters it deals with all aspects of the problem including sex activists, child sex, patterns of sexual behaviour, pimps and patrons